000 00560 a2200181 4500
999 _c9524
_d9524
020 _a9781108487245
050 _aKZ 3410 KLA 2021
100 _aKlabbers, Jan
_eauthor
245 _aInternational law /
_cJan Klabbers
250 _a3rd ed.
264 _aU.K. :
_bCambridge University Press,
_c2021
300 _a379p.:
500 _aIncludes bibliographical references and index
650 _aInternational law
650 _aInternational law--
_xpolitical aspects
650 _aInternational law--
_xsocial aspects
942 _2lcc
_cBK
_e3rd ed.
_h3410
_iKLA
_kKZ